• 首页
  • 本馆介绍
  • 公告通知
  • 最新文献
  • 馆藏检索
  • 电子资源
  • 读者导购
  • 参考咨询
  • 我的图书馆
  • 登录
  • 详细信息显示
  • 放入我的书架
  • 预约/预借图书
  • 作者相关作品
  • 分类相关作品
  • 丛书相关作品
  • 出版社相关作品

书目信息

  • 表格格式
  • 工作单格式
  • 卡片格式
题名:
气象气候灾害与对策
    
 
作者: 刘引鸽 著
分册:  
出版信息: 北京   中国环境科学出版社  2005
页数: 278页
开本: 21cm
丛书名:
单 册:
中图分类: P429
科图分类:
主题词: 气象灾害--研究 , 气象灾害
电子资源:
ISBN: 7-80209-204-3
000 00796nam0 2200253 450
001 003045331
005 20060217153058.0
010    @a7-80209-204-3@dCNY28.00
035    @a003045331
100    @a20051101d2005 em y0chiy0110 ea
101 0  @achi
102    @aCN@b110000
105    @aa z 000yy
106    @ar
200 1  @a气象气候灾害与对策@Aqi xiang qi hou zai hai yu dui ce@f刘引鸽著@Fliu yin ge zhu
210    @a北京@c中国环境科学出版社@d2005
215    @a278页@c图@d21cm
330    @a本书就气候气象灾害的基本理论和研究方法进行了详细的阐述,分析了各种气象气候灾害的变化特征、发生规律和对人类的影响。
606 0  @a气象灾害@x研究
606 0  @a气象灾害
690    @aP429@v4
701  0 @a刘引鸽@Aliu yin ge@4著
801  0 @aCN@bNLC@c20060221
905    @dP4@e58 @f3
    
    气象气候灾害与对策/刘引鸽著.-北京:中国环境科学出版社,2005
    278页:图;21cm
    
    
    ISBN 7-80209-204-3:CNY28.00
    本书就气候气象灾害的基本理论和研究方法进行了详细的阐述,分析了各种气象气候灾害的变化特征、发生规律和对人类的影响。
●
相关链接 在E读中查询图书 在五车中查询图书 在当当中查询图书 在豆瓣中查询图书


正题名:气象气候灾害与对策     索取号:P4/58         预约/预借

序号 登录号 条形码 馆藏地/架位号 状态 备注
1 0601812   206018129   第二样本阅览室/ [索取号:P4/58] 在馆    
2 0601813   206018138   第三借阅区/ [索取号:P4/58] 在馆    
3 0601814   206018147   第三借阅区/ [索取号:P4/58] 在馆    
4 0807869   208078694   第三借阅区/ [索取号:P4/58] 在馆    
5 0807870   208078701   第三借阅区/ [索取号:P4/58] 在馆    
6 0807871   208078710   第三借阅区/ [索取号:P4/58] 在馆    
7 0807872   208078729   第三借阅区/ [索取号:P4/58] 在馆    
8 0853842   208538420   第三借阅区/ [索取号:P4/58] 在馆    
9 0853843   208538439   第三借阅区/ [索取号:P4/58] 在馆    
10 0853844   208538448   第三借阅区/ [索取号:P4/58] 在馆    
唐山师范学院图书馆 欢迎您!
大连网信软件有限公司© 版权所有